000 00235nam a2200097Ia 4500
008 120527s9999 xx 000 0 und d
100 _aDATAPHAM,Comm.
245 _aMedicines Compendium.
260 _bDatapham communication
942 _cBK
999 _c23738
_d23738